Six plays from East & West Africa

Guardat en:
Dades bibliogràfiques
Format: Llibre
Idioma:anglès
Publicat: James Curry 2017
Etiquetes: Afegir etiqueta
Sense etiquetes, Sigues el primer a etiquetar aquest registre!

MARC

LEADER 00000nam a22000007a 4500
008 210122b ||||| |||| 00| 0 eng d
020 |a 9781847011732 
245 |a Six plays from East & West Africa  |c volume editor, Jane Plastow & Martin Banham; review editor martin Banham  |e (African theatre)  |f 16  |g xiv,321p. 
250 |c volume editor, Jane Plastow & Martin Banham; review editor martin Banham 
260 |b James Curry  |c 2017  |h Woodbridge, Suffolk  |i 694230  |i 694231  |l PR9347.Si1  |m African drama (English)  |m  Africa drama --- 20th century  |m  Africa --- Drama 
500 |a 'Include the books reviews' 
942 |a lcc  |c BK  |e A.R. Akinniyi  |f 22/1/21 
952 |0 0  |1 0  |2 lcc  |4 0  |6 PR9347 S I1  |7 0  |9 1472  |a HOL  |b ART  |c LP  |d 2021-01-22  |o PR9347Si1  |p 2021-0269  |r 2021-01-22 00:00:00  |t 694230  |w 2021-01-22  |y BK 
952 |0 0  |1 0  |2 lcc  |4 0  |6 PR9347 S I1  |7 0  |9 1475  |a HOL  |b HOL  |c LP  |d 2021-01-22  |o PR9347.Si1  |p 2021-0272  |r 2021-01-22 00:00:00  |t 694231  |w 2021-01-22  |y BK 
999 |c 771  |d 771